书目信息 |
| 题名: |
国际最新建筑设计竞赛获奖作品集锦
|
|
| 作者: | ;解希玲 , 俞香春 , 许剑飞 , 邓庆坦 译 ;韩国建筑世界出版社 编 | |
| 分册: | 2 | |
| 出版信息: | 济南 山东科学技术出版社 2005.03 |
|
| 页数: | 299页 | |
| 开本: | 29cm | |
| 丛书名: | ||
| 单 册: | ||
| 中图分类: | TU206 | |
| 科图分类: | ||
| 主题词: | 建筑设计--jian zhu she ji--世界--现代--作品集 | |
| 电子资源: | ||
| ISBN: | 7-5331-3862-7 | |
| 000 | 01208nam0 2200277 450 | |
| 001 | 012006630078 | |
| 005 | 20070604095717.40 | |
| 010 | @a7-5331-3862-7@dCNY198.00 | |
| 100 | @a20061228d2005 km y0chiy0120 ea | |
| 101 | 1 | @achi@ckor |
| 102 | @aCN@b370000 | |
| 105 | @aa z 000yy | |
| 200 | 1 | @a国际最新建筑设计竞赛获奖作品集锦@Aguo ji zui xin jian zhu she ji jing sai huo jiang zuo pin ji jin@h2@f韩国建筑世界出版社编@Fhan guo jian zhu shi jie chu ban she bian@g邓庆坦 ... [等] 译@Gdeng qing tan...[deng]yi |
| 210 | @a济南@c山东科学技术出版社@d2005.03 | |
| 215 | @a299页@c图 (部分彩图)@d29cm | |
| 304 | @a题名页题 : 邓庆坦, 解希玲, 俞香春, 许剑飞译 | |
| 330 | @a本书收录了2003年度国际上79个工程项目设计竞赛的144个获奖优秀作品,内容涵盖了文化建筑、政府办公建筑、医疗卫生建筑等,工程项目广泛分布在韩国、美国、欧州等国家。 | |
| 606 | 0 | @a建筑设计@Ajian zhu she ji@y世界@z现代@j作品集 |
| 690 | @aTU206@v4 | |
| 702 | 0 | @a解希玲@Ajie xi ling@4译 |
| 702 | 0 | @a俞香春@Ayu xiang chun@4译 |
| 702 | 0 | @a许剑飞@Axu jian fei@4译 |
| 702 | 0 | @a邓庆坦@Adeng qing tan@4译 |
| 711 | 02 | @a韩国建筑世界出版社@Ahan guo jian zhu shi jie chu ban she@4编 |
| 801 | 0 | @aCN@c20070604 |
| 905 | @b234007@dTU206@eH072:2 | |
| 国际最新建筑设计竞赛获奖作品集锦.2/韩国建筑世界出版社编/邓庆坦 ... [等] 译.-济南:山东科学技术出版社,2005.03 |
| 299页:图 (部分彩图);29cm |
| ISBN 7-5331-3862-7:CNY198.00 |
| 本书收录了2003年度国际上79个工程项目设计竞赛的144个获奖优秀作品,内容涵盖了文化建筑、政府办公建筑、医疗卫生建筑等,工程项目广泛分布在韩国、美国、欧州等国家。 |
| ● |
| 相关链接 |
|
|
|
正题名:国际最新建筑设计竞赛获奖作品集锦
索取号:TU206/H072:2
 
预约/预借
| 序号 | 登录号 | 条形码 | 馆藏地/架位号 | 状态 | 备注 |
| 1 | 234007 | 202340074 | 建筑库101/101建筑库 41排2列2层/ [索取号:TU206/H072:2] | 在馆 |